000 00724nam a2200217 i 4500
001 143064
003 ES-MaACL
005 20250928131016.0
007 t|
008 070214s1964 sp r ||||1| spa d
100 1 _aSellier, François.
_9105334
245 1 0 _aEconomía del trabajo /
_cFrançois Sellier, André Tiano ; prólogo de Manuel Alonso García ; versión de Francisco Sanuy.
260 _aBarcelona :
_bAriel,
_c1964.
300 _a527 p. ;
_c24 cm.
650 7 _aEconomía del trabajo
_2embne
_9165298
700 1 _aTiano, André.
_9110201
700 1 _aAlonso García, Manuel,
_d1926-1988
_920324
700 1 _aSanuy, Francesc.
_9103550
852 _aES-MaACL
_jE-5322
999 _c143064
_d143064